000 00609nam a22001817a 4500
999 _c193263
_d193263
005 20230317171024.0
010 _aENG-135493
020 _a9789350099780
_c599.00
035 _aEN-119025
037 _bDBAD/PUB
082 _a658.8270954
100 _aKamath, Vinay
245 _aTitan :
_bInside India's Most Successful Consumer Brand /
_cBy Vinay Kamath
260 _aHariyana
_bHachette Book Publishing India Pvt. Ltd
_c2018
270 _a4th & 5th Floors, Corporate Centre Plot No. 94, Sector 44
_bGurugram
_e122003
300 _a187p.
_c22cm(hb)
942 _2ddc
_cEN
_mKAM
_h658.8270954